Loading...
| Fine Arts - Classical Music | 0 | 9 | 2 | 1 | 80 | 97 | 118.33 | 0 | 0 | 0.00 | 0.00 |
| Science - Chemistry | 0 | 8 | 2 | 1 | 70 | 105 | 122.38 | 0 | 2 | 0.00 | 0.00 |
| Science - Other | 0 | 5 | 1 | 0 | 45 | 102 | 112.40 | 0 | 0 | 0.00 | 0.00 |
| Science - Biology | 0 | 4 | 1 | 1 | 35 | 126 | 134.50 | 0 | 0 | 0.00 | 0.00 |
| Geography | 0 | 3 | 0 | 1 | 30 | 79 | 121.33 | 0 | 0 | 0.00 | 0.00 |
| Fine Arts - Other | 0 | 4 | 2 | 1 | 30 | 66 | 108.25 | 0 | 1 | 0.00 | 0.00 |
| Fine Arts - Painting & Sculpture | 0 | 3 | 2 | 1 | 20 | 138 | 140.00 | 0 | 0 | 0.00 | 0.00 |
| Other Academic | 0 | 2 | 1 | 1 | 15 | 101 | 119.50 | 0 | 0 | 0.00 | 0.00 |
| Literature - British | 0 | 1 | 0 | 0 | 10 | 120 | 120.00 | 0 | 0 | 0.00 | 0.00 |
| Literature - European | 0 | 1 | 0 | 0 | 10 | 147 | 147.00 | 0 | 0 | 0.00 | 0.00 |
| Literature - World | 0 | 1 | 0 | 0 | 10 | 112 | 112.00 | 0 | 0 | 0.00 | 0.00 |
| Mythology | 0 | 1 | 0 | 0 | 10 | 109 | 109.00 | 0 | 1 | 0.00 | 0.00 |
| Science - Physics | 0 | 3 | 4 | 0 | 10 | 129 | 132.33 | 0 | 0 | 0.00 | 0.00 |
| History - Other | 0 | 1 | 0 | 1 | 10 | 128 | 128.00 | 0 | 0 | 0.00 | 0.00 |
| History - American | 0 | 1 | 0 | 1 | 10 | 141 | 141.00 | 0 | 0 | 0.00 | 0.00 |
| Literature - American | 0 | 1 | 0 | 0 | 10 | 156 | 156.00 | 0 | 0 | 0.00 | 0.00 |
| Social Science | 0 | 1 | 1 | 0 | 5 | 113 | 113.00 | 0 | 0 | 0.00 | 0.00 |
| Current Events | 0 | 1 | 1 | 0 | 5 | 124 | 124.00 | 0 | 0 | 0.00 | 0.00 |
| Philosophy | 0 | 0 | 1 | 0 | -5 | 0.00 | 0 | 0 | 0.00 | 0.00 | |
| Religion | 0 | 0 | 1 | 0 | -5 | 0.00 | 0 | 0 | 0.00 | 0.00 |